000 00288nam a2200121Ia 4500
008 191201s2011 xx 000 0 und d
100 _aSHAILAJA,G.
245 0 _aInternational Finance
260 _aN. delhi
_bUniversity Press
_c2011
300 _a517
650 _aMBA
942 _2ddc
_cBK
_01
999 _c6264
_d6264